Statistics for Wake Up Call Tracklist (Yeat)

Click here to take the quiz!

General Stats

  • This quiz has been taken 9 times
  • The average score is 5 of 7

Answer Stats

HintAnswer% Correct
3Celine
100%
5Impatient
75%
6Pilot
75%
7Stay Up
75%
1Admit It
50%
4Alright
50%
2This Is It
50%

Score Distribution

Percentile by Number Answered

Percent of People with Each Score

Your Score History

You have not taken this quiz